书目信息 |
| 题名: |
剑桥艺术史
|
|
| 作者: | 梅因斯通·玛德琳 , 梅因斯通·罗兰德 著 ;钱乘旦 译 | |
| 分册: | 17世纪艺术 | |
| 出版信息: | 南京 译林出版社 2009 |
|
| 页数: | 100页 | |
| 开本: | 24cm | |
| 丛书名: | ||
| 单 册: | ||
| 中图分类: | J110.9 | |
| 科图分类: | ||
| 主题词: | 艺术史--西方国家 , 艺术史--西方国家--17世纪 , 艺术史 , 艺术--世界 , 美术--世界 | |
| 电子资源: | ||
| ISBN: | 978-7-5447-0728-2 | |
| 000 | 01496nam0 22003251 45 | |
| 001 | 1256805594 | |
| 005 | 20120627085805.37 | |
| 010 | @a978-7-5447-0728-2@dCNY21.00 | |
| 100 | @a20120626d2009 em y0chiy50 ea | |
| 101 | 1 | @achi@ceng |
| 102 | @aCN@b320000 | |
| 105 | @aa z 001yy | |
| 106 | @ar | |
| 200 | 1 | @a剑桥艺术史@AJian Qiao Yi Shu Shi@i17世纪艺术@I17 Shi Ji Yi Shu@f(英)玛德琳·梅因斯通(Madeleine Mainstone),(英)罗兰德·梅因斯通(Rowland Mainstone)著@F( Ying ) Ma De Lin· Mei Yin Si Tong (Madeleine Mainstone),( Ying ) Luo Lan De· Mei Yin Si Tong (Rowland Mainstone) Zhu@g钱乘旦译 |
| 210 | @a南京@c译林出版社@d2009 | |
| 215 | @a100页@c图@d24cm | |
| 312 | @a封面英文题名:The Cambridge introduction to art, The seventeenth century | |
| 330 | @a本书内容包括:雕塑——大理石上的动态和血肉,绘画——用光表现的现实,绘画——佛兰德斯的色彩和华丽画面,绘画——受理性抑制的感情,绘画——巴罗克肖像画等。 | |
| 510 | 1 | @aCambridge introduction to art@iThe seventeenth century@zeng |
| 606 | 0 | @a艺术史@y西方国家 |
| 606 | 0 | @a艺术史@y西方国家@z17世纪 |
| 606 | 0 | @a艺术史 |
| 606 | 0 | @a艺术@x世界 |
| 606 | 0 | @a美术@x世界 |
| 690 | @aJ110.9@v4 | |
| 701 | 0 | @c(英)@a梅因斯通·玛德琳@AMei Yin Si Tong· Ma De Lin@c(Mainstone, Madeleine)@4著 |
| 701 | 0 | @c(英)@a梅因斯通·罗兰德@AMei Yin Si Tong· Luo Lan De@c(Mainstone, Rowland)@4著 |
| 702 | 0 | @a钱乘旦@AQian Cheng Dan@4译 |
| 801 | 0 | @aCN@b大连网信软件有限公司图书馆·11@c20120627 |
| 905 | @b0819237-40@dJ110.9@e109:4@f4 | |
| 剑桥艺术史.17世纪艺术/(英)玛德琳·梅因斯通(Madeleine Mainstone),(英)罗兰德·梅因斯通(Rowland Mainstone)著/钱乘旦译.-南京:译林出版社,2009 |
| 100页:图;24cm |
| ISBN 978-7-5447-0728-2:CNY21.00 |
| 本书内容包括:雕塑——大理石上的动态和血肉,绘画——用光表现的现实,绘画——佛兰德斯的色彩和华丽画面,绘画——受理性抑制的感情,绘画——巴罗克肖像画等。 |
| ● |
| 相关链接 |
|
|
|
|
正题名:剑桥艺术史
索取号:J110.9/109:4
 
预约/预借
| 序号 | 登录号 | 条形码 | 馆藏地/架位号 | 状态 | 备注 |
| 1 | 0819237 | 208192374 | 第一样本阅览室/ [索取号:J110.9/109:4] | 在馆 | |
| 2 | 0819238 | 208192383 | 第一借阅区/ [索取号:J110.9/109:4] | 在馆 | |
| 3 | 0819239 | 208192392 | 第一借阅区/ [索取号:J110.9/109:4] | 在馆 | |
| 4 | 0819240 | 208192409 | 第一借阅区/ [索取号:J110.9/109:4] | 在馆 |